LEADER 01266nam--2200385---450- 001 990002379800203316 005 20050126125619.0 035 $a000237980 035 $aUSA01000237980 035 $a(ALEPH)000237980USA01 035 $a000237980 100 $a20050126d1985----km-y0itay0103----ba 101 $aita 102 $aIT 105 $a||||||||001yy 200 1 $aUrbanistica$easpetti civilistici, amministrativi e penali$eatti del 3. convegno di studi promosso dalla pretura di Viareggio e dall'Universita degli studi di Pisa (2-3-4 dicembre 1983)$fa cura di Michelangelo de Cristofaro ... [et al.] 210 $PPadova$cCEDAM$d1985 215 $aVII, 454 p.$d24 cm 225 2 $aConvegni giuridici$v1 410 0$12001$aConvegni giuridici$v1 454 1$12001 461 1$1001-------$12001 606 0 $aUrbanistica$xLegislazione$xCongressi$z1983 606 0 $aCongressi$yViareggio$z1983 676 $a346 712 01$aItalia : Pretura di Viareggio 712 02$aUniversità degli studi 801 0$aIT$bsalbc$gISBD 912 $a990002379800203316 951 $aColl. HHX 1$b17547 E.C.$cColl. HHX 959 $aBK 969 $aGIU 979 $aSIAV1$b10$c20050126$lUSA01$h1256 996 $aUrbanistica$961622 997 $aUNISA